| 000 | 00414 a2200157 4500 | ||
|---|---|---|---|
| 999 |
_c29468 _d29468 |
||
| 003 | NUST | ||
| 005 | 20180118140850.0 | ||
| 008 | 180118b xxu||||| |||| 00| 0 eng d | ||
| 020 | _a0849325099 | ||
| 020 | _a9780849325090 | ||
| 082 | 0 | 4 | _a620.106 |
| 100 |
_aJohnson, Richard W. _98800 |
||
| 245 | 1 | 0 |
_aHandbook of fluid dynamics / _cRichard W. Johnson. |
| 260 |
_a[S.l.] : _bCRC Press, _c1998. |
||
| 300 |
_a1952 p. ; _c27 cm. |
||
| 700 | 1 |
_aJohnson, Richard W. _98800 |
|
| 942 |
_aSNS _cBK _k620.106 JOH _2ddc |
||